| 000 | 00425nam a2200181Ia 4500 | ||
|---|---|---|---|
| 100 | _aFranco/Sergio | ||
| 650 | _aCIRCUITS | ||
| 250 | _a3 | ||
| 942 | _cBK | ||
| 366 | _f17.5 | ||
| 654 | _aamplifiers | ||
| 245 | _aDesign with operational amplifiers and analog integrated circuits | ||
| 260 |
_bTata McGraw Hill _aNew Delhi _c2002 |
||
| 082 |
_a621.395/FRA _bFRA |
||
| 300 | _a1093 | ||
| 546 | _aENGLISH | ||
| 999 |
_c29590 _d29590 |
||